| 000 | 00422nam a2200181Ia 4500 | ||
|---|---|---|---|
| 008 | 230524s9999 xx 000 0 und d | ||
| 020 | _a812192037X | ||
| 082 |
_a332.17 _bNAT |
||
| 100 | _aS.Natarajan | ||
| 245 | 0 | _aIndian Banking | |
| 250 | _aIST | ||
| 260 |
_aNEW DELHI _bS.Chand _c2007 |
||
| 300 | _aVII;296 | ||
| 500 | _aQuantity Number: 10 | ||
| 650 | _aManagement | ||
| 700 | _a R.Parameswaran | ||
| 942 | _cBK | ||
| 999 |
_c45711 _d45711 |
||